Celeste (Original Soundtrack) - Lena Raine - Statistics

General Stats
  • This quiz has been taken 4 times
  • The average score is 7 of 21
Answer Stats
# Song % Correct
3 Resurrections
100%
10 Anxiety
50%
1 Prologue
50%
11 Quiet and Falling
50%
18 Reach for the Summit
50%
15 Reflection
50%
14 Starjump
50%
4 Awake
25%
16 Confronting Myself
25%
19 Exhale
25%
2 First Steps
25%
9 Golden
25%
20 Heart of the Mountain
25%
12 In the Mirror
25%
13 Madeline and Theo
25%
5 Postcard from Celeste Mountain
25%
8 Scattered and Lost
25%
7 Spirit of Hospitality
25%
6 Checking In
0%
17 Little Goth
0%
21 My Dearest Friends
0%
No matching quizzes found
Score Distribution
Percent of People with Each Score
Percentile by Number Answered
Your Score History
You have not taken this quiz